<?xml version="1.0" encoding="UTF-8"?>
<record
    xmlns:xsi="http://www.w3.org/2001/XMLSchema-instance"
    xsi:schemaLocation="http://www.loc.gov/MARC21/slim http://www.loc.gov/standards/marcxml/schema/MARC21slim.xsd"
    xmlns="http://www.loc.gov/MARC21/slim">

  <leader>00759nam a2200241 u 4500</leader>
  <controlfield tag="001">96626</controlfield>
  <controlfield tag="005">20260506081821.0</controlfield>
  <controlfield tag="008">960618s1987                        spa  </controlfield>
  <datafield tag="020" ind1=" " ind2=" ">
    <subfield code="a">9509113395</subfield>
  </datafield>
  <datafield tag="035" ind1=" " ind2=" ">
    <subfield code="a">96626</subfield>
  </datafield>
  <datafield tag="035" ind1=" " ind2=" ">
    <subfield code="a">(OCoLC)778242113</subfield>
  </datafield>
  <datafield tag="040" ind1=" " ind2=" ">
    <subfield code="c">comduadb</subfield>
  </datafield>
  <datafield tag="041" ind1=" " ind2=" ">
    <subfield code="a">spa</subfield>
  </datafield>
  <datafield tag="082" ind1=" " ind2="4">
    <subfield code="a">150</subfield>
  </datafield>
  <datafield tag="100" ind1="1" ind2="0">
    <subfield code="a">Aug&#xE9;, Marc,</subfield>
    <subfield code="d"> 1935-</subfield>
    <subfield code="4">aut</subfield>
    <subfield code="0">(isni)0000 0001 2278 0720</subfield>
    <subfield code="0">(viaf)32153866</subfield>
    <subfield code="e">aut</subfield>
    <subfield code="9">568350</subfield>
  </datafield>
  <datafield tag="245" ind1="1" ind2="3">
    <subfield code="a">El objeto en psicoanalisis : el fetiche, el cuerpo, el nino, la ciencia</subfield>
  </datafield>
  <datafield tag="260" ind1=" " ind2=" ">
    <subfield code="a">Argentina :</subfield>
    <subfield code="b">Editorial Gedisa,</subfield>
    <subfield code="c">1987.</subfield>
  </datafield>
  <datafield tag="300" ind1=" " ind2=" ">
    <subfield code="a">178 p&#xE1;ginas</subfield>
  </datafield>
  <datafield tag="500" ind1=" " ind2=" ">
    <subfield code="a">Compra:Luis Argiro Villa,oct./95.</subfield>
  </datafield>
  <datafield tag="650" ind1=" " ind2=" ">
    <subfield code="a">Psicoan&#xE1;lisis y ciencia</subfield>
    <subfield code="9">50438</subfield>
  </datafield>
  <datafield tag="650" ind1=" " ind2="7">
    <subfield code="a">Relaci&#xF3;n objetal (Psicoan&#xE1;lisis)</subfield>
    <subfield code="2">embne</subfield>
    <subfield code="9">56686</subfield>
  </datafield>
  <datafield tag="942" ind1=" " ind2=" ">
    <subfield code="c">BOOK</subfield>
  </datafield>
  <datafield tag="999" ind1=" " ind2=" ">
    <subfield code="c">93886</subfield>
    <subfield code="d">93886</subfield>
  </datafield>
  <datafield tag="952" ind1=" " ind2=" ">
    <subfield code="0">0</subfield>
    <subfield code="1">0</subfield>
    <subfield code="4">0</subfield>
    <subfield code="7">0</subfield>
    <subfield code="8">GEN</subfield>
    <subfield code="a">BC</subfield>
    <subfield code="b">BC</subfield>
    <subfield code="d">1999-11-20</subfield>
    <subfield code="i">C151987</subfield>
    <subfield code="l">0</subfield>
    <subfield code="o">150.1952 O12 e2</subfield>
    <subfield code="p">6-10000003181700</subfield>
    <subfield code="r">2023-04-22 00:00:00</subfield>
    <subfield code="t">2</subfield>
    <subfield code="w">2023-04-22</subfield>
    <subfield code="y">BOOK</subfield>
  </datafield>
  <datafield tag="952" ind1=" " ind2=" ">
    <subfield code="0">0</subfield>
    <subfield code="1">0</subfield>
    <subfield code="4">0</subfield>
    <subfield code="7">0</subfield>
    <subfield code="8">GEN</subfield>
    <subfield code="a">BC</subfield>
    <subfield code="b">BC</subfield>
    <subfield code="d">1996-10-04</subfield>
    <subfield code="e">Otros proveedores</subfield>
    <subfield code="g">19000.00</subfield>
    <subfield code="i">C160201</subfield>
    <subfield code="l">0</subfield>
    <subfield code="o">150.1952 O12 e3</subfield>
    <subfield code="p">61000000651147</subfield>
    <subfield code="r">2023-04-22 00:00:00</subfield>
    <subfield code="t">3</subfield>
    <subfield code="w">2023-04-22</subfield>
    <subfield code="y">BOOK</subfield>
  </datafield>
  <datafield tag="952" ind1=" " ind2=" ">
    <subfield code="0">0</subfield>
    <subfield code="1">0</subfield>
    <subfield code="4">0</subfield>
    <subfield code="7">0</subfield>
    <subfield code="8">GEN</subfield>
    <subfield code="a">BC</subfield>
    <subfield code="b">BC</subfield>
    <subfield code="d">1998-11-24</subfield>
    <subfield code="e">Otros proveedores</subfield>
    <subfield code="g">19000.00</subfield>
    <subfield code="i">C160202</subfield>
    <subfield code="l">0</subfield>
    <subfield code="o">150.1952 O12 e4</subfield>
    <subfield code="p">61000000209094</subfield>
    <subfield code="r">2023-04-22 00:00:00</subfield>
    <subfield code="t">4</subfield>
    <subfield code="w">2023-04-22</subfield>
    <subfield code="y">BOOK</subfield>
  </datafield>
</record>
